000
00231 a2200109 4500
003
Nust
005
20170207154224.0
040
_c
Nust
082
_a
371.33
245
_a
Free Willy (VHS-148)
440
_a
Free Willy (VHS-148)
538
_a
Duration in Minutes-109
999
_c
195455
_d
195455